Inside the Cuban Revolution (Record no. 59748)
[ view plain ]
| 000 -LEADER | |
|---|---|
| fixed length control field | 01465nam a2200349Ia 4500 |
| 100 1# - MAIN ENTRY--AUTHOR NAME | |
| Personal name | Sweig, Julia. |
| 245 10 - TITLE STATEMENT | |
| Title | Inside the Cuban Revolution |
| 260 ## - PUBLICATION, DISTRIBUTION, ETC. (IMPRINT) | |
| Place of publication | Cambridge, MA : |
| Name of publisher | Harvard University Press, |
| Year of publication | 2002. |
| 300 ## - PHYSICAL DESCRIPTION | |
| Number of Pages | xv, 254 p., [12] p. : |
| Other physical details | ill. |
| 650 #0 - SUBJECT ADDED ENTRY--TOPICAL TERM | |
| Topical Term | Revolutionaries |
| Topical Term | Guerrillas |
| 856 40 - ELECTRONIC LOCATION AND ACCESS | |
| Uniform Resource Identifier | http://site.ebrary.com/lib/rucke/Doc?id=10318416 |
No items available.
